000
00236 a2200097 4500
001
46574
100
_a
Bashir, Dr Muhammad Hussain
245
_a
Maktobat-e-Kiyani
260
_a
lahore
_b
Kitab Khana Danishwaran
_c
090
_c
29684
_d
29684
942
_a
NUST-CAE
_c
M
_c
21873
999
_c
281647
_d
281647